[Event "Let's Play Chess!"]
[Site "http://www.queenalice.com/game.php?id=692974"]
[Date "2009.12.4"]
[Round "-"]
[White "prawnstorm"]
[Black "Nikita"]
[Result "0-1"]
[WhiteElo "1467"]
[BlackElo "1657"]

1. e4 e5 2. Nf3 Bc5 3. Nxe5 Qf6 4. d4 Bb6 5. Bc4 Nc6 6. Nxc6 dxc6 7. Be3 Nh6 8.
h3 O-O 9. O-O Be6 10. Be2 Rad8 11. c3 a5 12. Nd2 g5 13. Nc4 Bxc4 14. Bxc4 c5 15.
Qh5 cxd4 16. Bxg5 Qc6 0-1

[Event "Let's Play Chess!"]
[Site "http://www.queenalice.com/game.php?id=692975"]
[Date "2009.12.4"]
[Round "-"]
[White "chessman"]
[Black "prawnstorm"]
[Result "1-0"]
[WhiteElo "2095"]
[BlackElo "1319"]

1. e4 c6 2. d4 d5 3. exd5 cxd5 4. c4 dxc4 5. Bxc4 e6 6. Nf3 Bd6 7. O-O Nf6 8.
Nc3 a6 9. Re1 b5 10. Bb3 O-O 11. Ne4 Nxe4 12. Rxe4 Bb7 13. Re1 Nd7 14. Ng5 Nf6
15. h3 Bb4 16. Re2 1-0

[Event "Let's Play Chess!"]
[Site "http://www.queenalice.com/game.php?id=692977"]
[Date "2009.12.5"]
[Round "-"]
[White "elche"]
[Black "prawnstorm"]
[Result "1-0"]
[WhiteElo "1733"]
[BlackElo "1319"]

1. e4 c6 2. Nf3 d5 3. exd5 cxd5 4. Bb5+ Bd7 5. Bxd7+ Nxd7 6. O-O e6 7. d3 Ngf6
8. Bg5 h6 9. Bh4 Qb6 10. b3 Bd6 11. Bxf6 Nxf6 12. Nbd2 1-0

[Event "Let's Play Chess!"]
[Site "http://www.queenalice.com/game.php?id=693365"]
[Date "2009.12.5"]
[Round "-"]
[White "prawnstorm"]
[Black "charles31"]
[Result "0-1"]
[WhiteElo "1312"]
[BlackElo "1807"]

1. e4 e5 2. Nf3 d6 3. Bc4 f5 4. d3 f4 5. d4 Bg4 6. dxe5 Bxf3 7. Qxf3 dxe5 8.
Qh5+ Kd7 9. Qxe5 Bd6 10. Qxg7+ Ne7 11. Qd4 Nbc6 12. Qd1 Qf8 13. Nc3 Ne5 14. Be2
Rg8 15. Bf3 Rd8 16. b3 Nxf3+ 17. Qxf3 Kc8 18. Bb2 Qf6 19. O-O-O Bb4 20. Nd5 Qd6
21. Nxb4 Qh6 22. Rxd8+ Rxd8 0-1

[Event "Let's Play Chess!"]
[Site "http://www.queenalice.com/game.php?id=693366"]
[Date "2009.12.5"]
[Round "-"]
[White "charles31"]
[Black "prawnstorm"]
[Result "1-0"]
[WhiteElo "1809"]
[BlackElo "1312"]

1. e4 c6 2. Nc3 d5 3. exd5 cxd5 4. d4 Nf6 5. Bb5+ Bd7 6. Bg5 Bxb5 7. Nxb5 Nbd7
8. c3 a6 9. Bxf6 Nxf6 10. Na3 e6 11. Nf3 Bd6 12. O-O O-O 13. Nc2 Rc8 14. Qd2 h6
15. Ne3 Bf4 16. h3 b5 17. g3 Ne4 18. Qc2 Bxe3 19. fxe3 Nxg3 20. Rf2 Ne4 21. Rg2
b4 22. Ne5 bxc3 23. b3 1-0

[Event "Let's Play Chess!"]
[Site "http://www.queenalice.com/game.php?id=693371"]
[Date "2009.12.5"]
[Round "-"]
[White "spin"]
[Black "prawnstorm"]
[Result "1-0"]
[WhiteElo "1513"]
[BlackElo "1734"]

1. g3 d5 2. Bg2 c6 3. d4 Bf5 4. Nf3 h6 5. O-O Nf6 6. Nh4 Be4 7. f3 Bh7 8. a4 e6
9. a5 g5 10. c3 gxh4 11. gxh4 Nbd7 12. a6 1-0

[Event "Challenge"]
[Site "http://www.queenalice.com/game.php?id=693496"]
[Date "2009.12.5"]
[Round "-"]
[White "markmooney"]
[Black "prawnstorm"]
[Result "1-0"]
[WhiteElo "1922"]
[BlackElo "1371"]

1. f4 d5 2. Nf3 Bf5 3. g3 Nf6 4. Bg2 e6 5. d3 Bc5 6. Nc3 Nbd7 7. b3 Qe7 8. Bb2
Ng4 9. d4 Ne3 10. Qd2 Nxg2+ 11. Kf1 Bb4 12. Kxg2 Nf6 13. a3 Ne4 14. Qe1 Bxc3 15.
Bxc3 O-O 16. Bb4 c5 17. dxc5 Qc7 18. c6 Rab8 19. Bxf8 Kxf8 20. cxb7 1-0

[Event "Let's Play Chess!"]
[Site "http://www.queenalice.com/game.php?id=693508"]
[Date "2009.12.6"]
[Round "-"]
[White "digger"]
[Black "prawnstorm"]
[Result "1-0"]
[WhiteElo "1644"]
[BlackElo "1309"]

1. d4 d5 2. Nf3 Bg4 3. e3 Nf6 4. Be2 h6 5. O-O Nbd7 6. Bb5 c6 7. Bd3 e5 8. dxe5
Nxe5 9. Nbd2 Nxd3 10. cxd3 Bd6 11. b3 Be5 12. d4 Bc7 13. h3 Bf5 14. Nh4 Qd6 15.
f4 Bd3 16. Rf2 O-O 17. Ndf3 Bh7 18. a4 Ne4 19. Rc2 1-0

[Event "Let's Play Chess!"]
[Site "http://www.queenalice.com/game.php?id=693779"]
[Date "2009.12.6"]
[Round "-"]
[White "prawnstorm"]
[Black "alterego"]
[Result "0-1"]
[WhiteElo "1302"]
[BlackElo "1780"]

1. e4 c5 2. Nf3 Nc6 3. c3 e5 4. d4 d6 5. dxe5 dxe5 6. Qxd8+ Nxd8 7. Nxe5 Bd6 8.
Bb5+ Ke7 9. Nf3 a6 10. Ba4 b5 11. Bb3 Bb7 12. O-O Bxe4 13. Re1 Nf6 14. Nbd2 Re8
0-1

[Event "Let's Play Chess!"]
[Site "http://www.queenalice.com/game.php?id=693780"]
[Date "2009.12.6"]
[Round "-"]
[White "hamurobi2"]
[Black "prawnstorm"]
[Result "1-0"]
[WhiteElo "1809"]
[BlackElo "1371"]

1. e3 e5 2. Nc3 Nf6 3. Bc4 d5 4. Bb5+ c6 5. Be2 Bf5 6. d3 Bb4 7. Bd2 Nbd7 8. a3
Ba5 9. h3 O-O 10. Bg4 Nxg4 11. hxg4 Bg6 12. b4 Bb6 13. Nf3 d4 14. Ne2 dxe3 15.
fxe3 1-0

[Event "Let's Play Chess!"]
[Site "http://www.queenalice.com/game.php?id=693898"]
[Date "2009.12.6"]
[Round "-"]
[White "prawnstorm"]
[Black "LeandroSouza"]
[Result "0-1"]
[WhiteElo "1390"]
[BlackElo "1596"]

1. e4 e5 2. Nf3 f6 3. Nxe5 Qe7 4. Nf3 d5 5. d3 dxe4 6. dxe4 Qb4+ 7. Nc3 Bf5 8.
exf5 Ne7 9. Bd3 Nd5 10. Bb5+ c6 11. Qxd5 Qxb5 0-1

[Event "Challenge"]
[Site "http://www.queenalice.com/game.php?id=694017"]
[Date "2009.12.6"]
[Round "-"]
[White "TomasJeferson"]
[Black "prawnstorm"]
[Result "1-0"]
[WhiteElo "1520"]
[BlackElo "1525"]

1. e4 c6 2. d4 d5 3. Be3 dxe4 4. Bc4 e6 5. Nc3 Nf6 6. Nge2 Bb4 7. a3 Ba5 8. b4
Bc7 9. a4 O-O 10. a5 Nd5 11. Na2 Nxe3 12. fxe3 Qd6 13. Nf4 Nd7 14. Qg4 Nf6 15.
Qh4 Bd8 16. g4 Nd5 17. g5 Nxe3 18. Bb3 Qxf4 19. Qh5 Bxg5 20. Nc3 Ng2+ 21. Kd1
1-0

[Event "Challenge"]
[Site "http://www.queenalice.com/game.php?id=694018"]
[Date "2009.12.6"]
[Round "-"]
[White "prawnstorm"]
[Black "TomasJeferson"]
[Result "0-1"]
[WhiteElo "1610"]
[BlackElo "1500"]

1. e4 d5 2. exd5 Qxd5 3. Nc3 Qe5+ 4. Be2 e6 5. Nf3 Qf6 6. O-O Bd6 7. d4 c5 8. d5
e5 9. Ne4 Qe7 10. Bg5 f6 11. Nxd6+ Qxd6 12. Be3 Nd7 13. c4 Ne7 14. Nd2 O-O 15.
Ne4 Qb6 16. Qc2 f5 17. Ng5 Nf6 18. b4 f4 19. Bxc5 Qc7 20. d6 Qd7 21. dxe7 Re8
0-1